[Event "87th Tata Steel Masters 2025"]
[Site "Wijk aan Zee"]
[Date "2025.01.22"]
[Round "5.7"]
[White "Giri, Anish"]
[Black "Sarana, Alexey"]
[Result "1/2-1/2"]
[WhiteElo "2731"]
[BlackElo "2677"]
[Annotator "Chessbase - Stockfish 17"]
[PlyCount "85"]
[EventDate "2025.??.??"]
[EventCountry "NED"]

{[%evp 9,85,15,12,19,10,14,10,14,11,6,10,8,10,9,12,13,18,4,7,7,8,0,6,-5,21,29,21,22,11,13,27,24,19,25,31,30,14,22,22,17,36,16,23,6,26,17,18,12,12,22,13,3,0,0,15,0,0,11,3,7,0,0,0,0,4,8,15,0,0,0,0,0,0,0,0,0,0,0]} 1. e4 e5 2. Nf3 Nc6 3. Bc4 Nf6 4. d3 Be7 5. Nc3 d6 6. a4 Bg4 7. h3 Bxf3 8. Qxf3 Nd4 {[%csl Bc2,Bf3]} 9. Qd1 c6 10. Ba2 (10. O-O Ne6 11. Bxe6 fxe6 12. d4 exd4 13. Qxd4 Qc7 14. Re1 Kf7 15. Bf4 Rhd8 16. Qc4 Ne8 17. Re3 Qd7 18. e5 d5 19. Qd3 Kg8 20. Rg3 c5 21. h4 Qc6 22. h5 Rd7 23. Rd1 Rad8 24. Rg4 {½-½ (24) Van Dael,S (2275)-Ernst,S (2528) Maastricht NED 2024}) 10... Ne6 11. O-O O-O 12. Re1 $146 (12. Ne2 d5 13. Ng3 dxe4 14. dxe4 Qxd1 15. Rxd1 Rfd8 16. Be3 Bc5 17. Bxe6 Bxe3 18. Bxf7+ Kxf7 19. fxe3 Rxd1+ 20. Rxd1 a5 21. Rd3 g6 22. Nf1 Ke6 23. Nd2 b5 24. Rc3 Kd6 25. Rb3 Kc5 26. Kf2 bxa4 {Alekseenko,K (2686)-Topalov,V (2728) Salamanca ESP 2023 0-1 (48)}) 12... Qc7 13. Be3 a5 14. Qf3 Rad8 15. Rab1 Nd7 16. h4 Nd4 17. Bxd4 exd4 18. Ne2 {[%cal Bc3e2,Be2d4,Bd4f5][%mdl 32]} Bxh4 19. Nxd4 Bf6 20. Nf5 g6 21. Qg3 Be5 22. f4 Bg7 23. Nxg7 Kxg7 24. d4 Nf6 25. c3 h5 26. Re2 Ng4 27. Rbe1 Rfe8 28. f5 Qe7 29. Rf1 {next fxg6 is good for White.} (29. Qf4 {feels hotter.} Qh4 30. g3 Qf6 31. Rf1) 29... Qg5 {[#]} 30. f6+ $1 Kh6 {[%cal Bg7h6,Bh6g5,Bg5f6,Bf6f7][%mdl 32]} 31. Bxf7 Rf8 32. Be6 Rxf6 33. Rxf6 Nxf6 34. Qxg5+ Kxg5 {[%mdl 4096] Endgame KRB-KRN} 35. e5 Nd5 36. g3 {Wards off Nf4} dxe5 37. Rxe5+ Kf6 38. Bh3 Kf7 39. Bg2 b6 40. Bf3 Kf6 41. Kf2 Ne7 42. g4 hxg4 43. Bxg4 {1/2-1/2 wins. Precisão Stockfish 17: Brancas 99% pretas 99% Precisão Chess.com: Brancas 98.4% Pretas 98.5%} 1/2-1/2

[Event "87th Tata Steel Masters 2025"]
[Site "Wijk aan Zee"]
[Date "2025.01.24"]
[Round "6.2"]
[White "Keymer, Vincent"]
[Black "Giri, Anish"]
[Result "1/2-1/2"]
[WhiteElo "2733"]
[BlackElo "2731"]
[Annotator "Chessbase - Stockfish 17"]
[PlyCount "107"]
[EventDate "2025.??.??"]
[EventCountry "NED"]

{[%evp 15,107,0,9,0,0,0,0,0,24,18,14,0,0,-10,0,0,0,0,0,0,0,0,0,0,10,6,8,0,39,34,28,-6,-11,-31,-8,-25,-21,-31,-25,-22,-25,-18,-11,-31,-29,-27,7,8,8,8,8,8,8,8,8,8,8,8,8,8,8,0,8,8,8,0,0,0,0,0,9,0,0,0,10,11,8,22,43,1,33,0,0,0,0,0,0,0,0,0,0,0,0,0]} 1. d4 Nf6 2. c4 g6 3. g3 c6 4. Bg2 d5 5. Qb3 Bg7 6. Nc3 O-O 7. Nf3 Qb6 8. O-O Rd8 9. h3 {D78: Fianchetto Grünfeld: 6 0-0 c6.} Be6 10. c5 Qxb3 11. axb3 Ne4 (11... Nbd7 12. b4 Ne4 13. g4 h6 14. e3 f5 15. Nh4 Kh7 16. gxf5 Bxf5 17. Nxf5 gxf5 18. f4 a6 19. Kh2 Bf6 20. Rg1 Rg8 21. Bxe4 fxe4 22. Rxg8 Rxg8 23. Bd2 Nf8 24. Rg1 Ng6 25. Be1 e6 26. Nb1 {Gorovets,A (2493)-Tsaruk,M (2465) Minsk BLR 2024 ½-½ (32)}) 12. Bf4 Nd7 13. g4 h6 14. Ra4 $146 (14. e3 g5 15. Bc7 Rdc8 16. Bh2 f5 17. gxf5 Bxf5 18. Ra4 a6 19. Rd1 Rd8 20. Ne1 e5 21. Rb4 exd4 22. exd4 Ra7 23. f3 Nef6 24. Nd3 Nh5 25. Ne2 Re8 26. Kf2 Nf8 27. h4 Ng6 28. hxg5 hxg5 {Jumabayev,R (2490)-Vokarev,S (2542) Khanty-Mansiysk 2008 1-0 (48)}) 14... g5 15. Bc7 Rdc8 16. Bh2 f5 17. gxf5 Bxf5 18. Rfa1 a6 19. Rb4 Nxc3 20. bxc3 Ra7 21. Ra5 Be4 22. h4 g4 {Repels Bh3} 23. Ne1 Bf5 24. Ra2 h5 25. Rba4 e5 26. e3 Re8 27. Bf1 Nf8 28. Ng2 Ng6 29. b4 {[%cal Bb4b5]} Bd7 30. Bd3 Kf7 31. Bxg6+ Kxg6 32. Bxe5 Bxe5 33. dxe5 Rxe5 34. Rd2 Be8 35. Ra1 Bf7 36. Nf4+ Kf6 37. Rd4 Ra8 38. Ne2 Ke7 39. Kf1 Bg6 40. Ng3 Rf8 41. Rf4 Rf6 42. Rd1 Kf7 43. Rdd4 Re8 44. Ne2 Be4 45. c4 Rxf4 46. Nxf4 {[%cal Rc4d5][%mdl 4096] Endgame KRB-KRN} Re5 47. Ke1 Kf6 48. Kd2 Rf5 {The position is equal.} 49. Kc3 Ke5 50. cxd5 cxd5 51. Rd2 Bh1 52. Rd4 Be4 53. Rd1 Bf3 54. Rd4 {Weighted Error Value: White=0.05 (flawless) /Black=0.05 (flawless) Inaccurate: 	White=3 	Black=3 OK: 	White=16 	Black=26 Precisão Stockfish 17: Brancas 98% Pretas 98% Precisão Chess.com: Brancas 97.9% Pretas 97.9%} 1/2-1/2

[Event "87th Tata Steel Masters 2025"]
[Site "Wijk aan Zee"]
[Date "2025.01.24"]
[Round "6.3"]
[White "Sarana, Alexey"]
[Black "Fedoseev, Vladimir"]
[Result "1-0"]
[WhiteElo "2677"]
[BlackElo "2717"]
[Annotator "Chessbase - Stockfish 17"]
[PlyCount "89"]
[EventDate "2025.??.??"]
[EventCountry "NED"]

{[%evp 9,89,10,17,24,32,18,32,21,24,0,0,-21,-7,-18,-16,-15,0,-3,0,0,0,-14,-14,-22,0,0,0,0,0,0,14,0,52,45,47,42,78,74,87,75,168,173,165,154,162,166,193,197,320,291,281,268,252,189,345,322,345,347,343,359,370,362,350,374,358,370,443,308,335,0,308,300,448,456,444,425,479,479,484,484,471,456]} 1. d4 {Stohl,Igor Stohl,Igor} d5 2. c4 e6 3. Nc3 Be7 4. cxd5 exd5 5. Bf4 c6 6. Qc2 {D31: Queen's Gambit Declined: Semi-Slav without ...Nf6 (+ Marshall Gambit and Noteboom) and Exchange Variation lines without ...Nf6.} (6. e3 Bf5 7. Nge2 (7. Bd3 Bxd3 8. Qxd3 Nf6 9. Nge2 Nh5 10. Bxb8 Rxb8 11. f3 O-O 12. O-O f5 13. a3 a6 14. b4 Qd7 15. Rae1 Rbe8 16. Nc1 a5 17. bxa5 Bxa3 18. Nxd5 Bxc1 19. Nb6 Qe6 20. Rxc1 Qxe3+ 21. Qxe3 Rxe3) (7. g4 Be6 8. h4 Nd7 9. h5 (9. Bg3) (9. g5 h6 10. g6 fxg6 (10... Ngf6 11. gxf7+ Bxf7 12. Nf3 (12. Bd3 Nh5 13. Be5 O-O 14. Qg4 Nhf6 15. Qg3 Nh5 16. Qg2 Nxe5 17. dxe5 Bb4 18. Nf3 d4 19. Nxd4 Nf4 20. exf4 Qxd4) 12... Nh5) 11. Bd3 Bf7 (11... Nf8 12. Nf3 Bf5 13. Ne5 Nf6 14. Rg1 Rg8 (14... Ne4 15. Bxe4 dxe4 (15... Bxe4 16. Nxe4 dxe4 17. Qb3 Qa5+ 18. Ke2 (18. Kf1 Qb5+ 19. Qxb5 cxb5 20. Rc1 Bxh4 21. Bh2 h5 (21... Bd8 22. Rg4 Nd7 23. Rxg6 Bf6 24. Rc7 Nf8 25. Rg4) 22. Rc7) 18... Qa6+ 19. Kd1) 16. Qb3)) 12. Qc2 Nf8 13. Nf3))) 6... Nf6 7. h3 (7. e3 Nh5 8. Bg3 (8. Be5 Nd7 9. Nf3 (9. Be2 Nxe5 10. dxe5 g6 11. Bxh5 gxh5 12. Nf3 (12. Rd1 f6 13. exf6 Bxf6 14. Nge2 Qe7 (14... O-O 15. e4 (15. O-O Qe8 16. e4 Qg6 (16... dxe4 17. Nxe4 Bg7 18. N2g3 (18. N2c3 Bf5 19. Qb3+ Qe6 20. Qxe6+ Bxe6 21. Rd6 Rae8 22. Re1 b5 23. a3 a5 24. h4 b4 25. axb4 axb4 26. Na4 Bd5))) 15... Bg4 (15... Qb6)) 15. e4 d4 16. Nxd4 Qg7 17. Nce2 (17. Nde2 Qxg2 18. Rg1 Qxh2 19. Qb3 Rf8 20. f4 Bg4 21. Rxg4 hxg4 22. Qe6+ Be7 23. Rd7 Qh4+ 24. Kf1 Rf7 25. Rxb7 Kf8 26. Qxc6 Rd8) 17... Qxg2 18. Rg1 Qxh2 19. Qb3 Rf8 20. Ne6) (12. O-O-O) 12... f6 13. e4 (13. O-O Bg4 14. exf6 Bxf6 15. Nd4 O-O 16. f3 Bd7 17. Rad1 Qe7 (17... Rc8 18. Rfe1 Bg7 19. e4 c5 20. Nf5 Bxf5 21. exf5 d4 22. Qb3+ (22. Qe4 Qd7 23. g4 Rfe8 24. Qd5+ Qxd5 25. Nxd5 Rxe1+ 26. Rxe1 Rd8)) 18. Rfe1 Qg7) 13... d4 14. exf6 Bxf6 15. O-O-O) 9... Nxe5 10. Nxe5 g6 11. Bd3 Ng7 12. O-O-O Bf5 13. g4 Bxd3 14. Nxd3 Qd7 15. h3 O-O-O 16. Kb1 Kb8 17. Rc1 Bd6 18. Na4 f5 19. Nac5 Qe7 20. gxf5 Nxf5 21. Qb3 Rhf8) 8... Nd7 9. Bd3 g6 10. Nf3 O-O 11. Rb1 a5 12. a3 Nxg3 (12... Re8 13. Nxd5 cxd5 14. Bc7) 13. hxg3 Nf6) (7. Nf3 g6 8. e3 Bf5 9. Bd3 Bxd3 10. Qxd3 Nbd7 11. O-O O-O 12. h3 Re8 13. Rab1 a5 14. Rfc1 Bf8 (14... Nb6 15. Nd2 Nh5 16. Bh2 Bd6 17. Bxd6 Qxd6 18. a3 Nf6 19. b4 Nfd7 20. bxa5 Rxa5 21. a4 Ra7)) 7... Qa5 {was the old line (7...g6).} (7... g6 8. e3 Bf5 9. Bd3 (9. Qd2 Ne4 (9... O-O 10. g4 Be6 11. Bd3 c5 12. Nge2) (9... h5 10. Bd3 Bxd3 11. Qxd3 Bd6 (11... Nbd7 12. Nge2 O-O (12... a5 13. O-O O-O 14. f3 Re8 (14... h4 15. e4 Nb6) (14... b5 15. e4 dxe4 16. fxe4 Nc5 17. Qe3 (17. Qf3 b4 (17... Ne6 18. Rad1 (18. Be3 Nh7 (18... b4 19. Na4 (19. Nb1 Nh7 20. Nd2 Nhg5 (20... f5 21. exf5 Rxf5 22. Qxc6) (20... Bh4) (20... Rc8 21. Rad1 Bh4 22. g3 {Carlsen,M (2835)-Aronian,L (2805) Wijk aan Zee 2012 CBM 147 [Stohl,Igor] 1-0 (68)} Bg5 ({Nc4 Bxe3+ h4 Qxe3} 22... Qg5) 23. Nc4 Bxe3+ (23... h4) 24. Qxe3 Qg5) 21. Qf2 (21. Qg3 Nh7 22. Qf2 (22. Nc4 Bh4 23. Qf3 Nhg5 24. Bxg5 Bxg5 25. Rad1) 22... Bh4 23. g3 Bg5 24. Rac1) 21... f5)) 19. Bf2 (19. e5 Rc8)) 18... Nxf4 19. Nxf4) 18. dxc5 (18. e5 Nh7 19. dxc5) 18... Bxc5+ (18... bxc3 19. Rad1 Qe8 20. Nxc3 Bxc5+ 21. Kh1) 19. Kh1 bxc3 20. Rad1 (20. Bg5) 20... Nd7 21. Qxc3) 17... Ne6 18. Bh6 Re8 19. Rad1) 15. e4 Nf8) 13. O-O (13. O-O-O) 13... Re8 14. f3) 12. Nf3) 10. Nxe4 Bxe4 11. Ne2 (11. f3 Bf5 12. O-O-O a5) 11... Bd6 12. f3 Bf5 13. O-O-O) 9... Bxd3 10. Qxd3 O-O) (7... Na6 8. e3 Nb4 9. Qb1 g6 10. g4 h5 11. a3 Na6 12. Bxa6 bxa6 13. g5 Nh7 14. Be5 O-O 15. f4 Bf5 16. Qa2 f6 17. gxf6 Nxf6 18. Nge2 Ne4 19. Nxe4 Bxe4 20. Rg1 Qd7) (7... Be6 8. e3 Nbd7 9. Nf3 h6 10. Bd3 Rc8 11. Bh2 a6 12. O-O O-O 13. a3 a5 14. Rae1 c5 15. Qd2 c4 16. Bb1 Re8 17. Ne5 Nxe5 18. dxe5 Nh7 19. Rd1 Rc5 20. f4 f5 21. g4) (7... O-O 8. e3 Nbd7 (8... Bd6 9. Bxd6 (9. Bg5 Nbd7 10. Bd3 Re8 11. Bxh7+ Kf8 12. Bd3 Qb6 13. Nge2 Kg8 14. O-O Qc7 15. Rac1 a6 16. a3 Be7 17. Nf4 Qd8 18. Rce1 Nf8 19. Kh1 Ne6 20. Nxe6 Bxe6 21. Ne2 Nh5 22. Bxe7 {Giri,A (2745)-Tang,A (2502) chess.com INT 2024 1-0 (90)}) 9... Qxd6 10. Bd3 Be6 11. Nge2 Re8 12. g4 g6 13. Ng3 Na6 14. Bxa6 bxa6 15. g5 Nd7 16. Kf1 c5 17. Rd1 f5 18. Nge2 c4 19. Nf4 Bf7 20. h4 Nb6 21. Kg2 Rab8 22. Rh3 Qe7 23. Rdh1) 9. Nf3 g6 (9... Re8 10. Bd3 Nf8 11. O-O Ne6 12. Bh2 g6 13. Rab1 Ng7 14. b4 a6 15. Na4 Bf5 16. Nc5 Bxd3 17. Qxd3 Ra7 18. a4 Nf5 19. Rfc1 Ne4 20. Nxe4 dxe4 21. Qxe4 Bxb4 22. Qd3) 10. Bd3 Nh5 11. Bh2 Ng7 12. O-O Nb6) 8. e3 {White is slightly better.} (8. Nf3 Ne4 9. Bd2 Nxd2 10. Nxd2 g6 11. e3 Bf5 12. Bd3 Bxd3 13. Qxd3 Qd8 14. O-O Nd7 15. Rfc1 O-O 16. Rab1 a5 17. Na4 Nb6 18. Nxb6 Qxb6 19. Nb3 a4) 8... Ne4 9. Bd3 (9. a3 Bf5 10. Bd3 Na6 11. Rc1 Nxc3 12. Qxc3 Qxc3+ 13. Rxc3 Bxd3 14. Rxd3 O-O-O 15. Nf3 Nc7 16. Ke2 Bd6 17. Bxd6 Rxd6 18. Ne5 Rf8 19. Rc3 Nb5 20. Rc2 Re6 21. Kf3 Nd6) 9... Na6 $146 (9... Bf5 10. Nf3 (10. Nge2 Na6 11. Qa4 Qb4 12. Bxa6 Qxb2 13. O-O Nxc3 14. Nxc3 Bc2 15. Qxc2 Qxc2 16. Bxb7 Rd8 17. Rfc1 Qg6 18. Ne2 O-O 19. Rxc6 Qd3 20. Ba6 Qa3 21. Rb1 Bd6 22. Bxd6 Rxd6 23. Rxd6 Qxd6 24. Bb5 {Aleksandrov,A (2608)-Tang,A (2538) Chess.com INT 2020 0-1}) (10. a3 Na6 11. Ra2 Nxc3 12. bxc3 Bxd3 13. Qxd3 Nb8 14. Nf3 Nd7 15. O-O O-O 16. c4 dxc4 17. Qxc4 Nb6 18. Qb3 c5 19. dxc5 Bxc5 20. a4 Rac8 21. Be5 Bb4 22. Rb1 Bc3 23. Qb5 Qxb5 24. axb5 {Bluebaum,M (2618)-Meier,G (2636) Magdeburg 2019 ½-½ (33)}) 10... Nxc3 11. bxc3 Bxd3 12. Qxd3 Qa6 13. Ke2 Qxd3+ 14. Kxd3 Nd7 15. a4 b6 16. Rhb1 O-O-O 17. Ne5 Nxe5+ 18. Bxe5 f6 19. Bg3 Bd6 20. Bxd6 Rxd6 21. c4 dxc4+ 22. Kxc4 Re8 23. Ra3 Kb7 24. g4 {Korobov,A (2652)-Bacrot,E (2725) Riadh 2017 ½-½ (84)}) 10. Qa4 {Repels Nb4} Qb6 11. Qb3 (11. Nxd5 Qxb2 12. Bxe4 Qxa1+ 13. Ke2 Bd8 $17) 11... Bf5 {[%cal Bc8f5,Bf5g6,Bg6f7][%mdl 32]} 12. Bxe4 dxe4 13. Nge2 Nb4 14. O-O O-O 15. Qd1 Bg6 16. Bg3 f5 17. Nf4 Bf7 18. a3 Na6 19. b4 Qd8 20. d5 Qc8 $6 {Inaccuracy. Nc7 was best.} (20... Nc7 21. dxc6) 21. Rc1 $14 {Black must now prevent dxc6.} Rd8 22. Qa4 $1 c5 {[%cal Rc5b4] NOTEXT-51077 White (d5)} 23. Rfd1 $1 {White is more active. White now steadily converts the win.} cxb4 24. Nb5 Bc5 $2 {Mistake. Qd7 was best.} (24... Nc5 $16 25. Qxb4 Bf8) (24... Qd7 25. d6) 25. axb4 $18 Nxb4 {[%cal Ba7a6]} 26. Bh4 $6 $36 {[%mdl 2048] Inaccuracy. Ne6 was best. White has strong initiative.} (26. Ne6 Bxe6 27. dxe6 Rxd1+ 28. Rxd1 Nd3 29. Nc7 Rb8 30. e7 Bxe7 31. Nd5 Bf8) 26... Rd7 {[%cal Bb7b6] [#]} 27. Nxa7 $1 {[%mdl 512]} Qe8 $2 {Mistake. b6 was best.} (27... Rxa7 $2 28. Qxa7 Na6 29. Qb6 $18) (27... b6 28. Nxc8 Rxa4 29. Nxb6 Bxb6 30. Rc8+ Be8 31. Rxe8+ Kf7 32. Re5 g6 33. Re6) 28. Rxc5 Na6 $6 {Inaccuracy. b6 was best.} (28... b6 29. Rc8 (29. Rcc1 Nd3 30. Nxd3 exd3 31. d6 Raxa7 32. Qd4 b5 33. Qxd3 b4 34. Qxf5) 29... Qxc8) 29. Rcc1 $6 {Inaccuracy. Ra5 was best.} (29. Ra5 Rxa7 30. Qd4 b5 31. d6 h6 32. Nd5 Bxd5 33. Qxd5+ Qf7 34. Qxb5 Qh5) 29... Rxa7 {Black is weak on the dark squares} 30. d6 h6 31. Be7 b5 $2 {Mistake. b6 was best.} (31... Rxe7 $2 32. d7 $18 (32. Qd4 b6 $18)) (31... b6 32. Qc6 (32. Qb5 Nc5 33. Qxb6 Ne6 34. Nxe6 Bxe6 35. Qc5 Kh7 36. Qe5 Qf7 37. Kh2) 32... Rab7) 32. Qxb5 Rxe7 {[#]} 33. Qxe8+ (33. Qxf5 Re5 34. Qc8 Qxc8 35. Rxc8+ Re8 36. Rxe8+ (36. d7 $2 Rxd7 37. Rxe8+ Bxe8 $19) 36... Bxe8 $14) 33... Rxe8 34. d7 Nc7 (34... Rd8 $2 35. Rc8 $18) 35. d8=Q (35. d8=B Ne6 36. Nxe6 Bxe6 $14) 35... Rxd8 36. Rxd8+ Ne8 37. h4 Kh7 38. Ne6 Kg6 39. Nf4+ $2 (39. Nd4 $18) 39... Kf6 $2 {[%mdl 8192]} (39... Kh7 40. h5 Nf6) 40. Rcc8 g5 (40... Ke7 41. Ra8 Rxa8 42. Rxa8 Kf6) 41. hxg5+ {White is clearly winning.} hxg5 42. Nd5+ Bxd5 43. Rxd5 Ke6 44. Rcc5 (44. Rxe8+ Kxd5 45. g4 f4 $14) 44... Nd6 {[#]} 45. g4 $1 {Weighted Error Value: White=0.16 (very precise) /Black=0.39 Loses game: 	--- 	Black=1 Missed win: 	White=1 	--- Mistake: 	--- 	Black=5 Inaccurate: 	White=1 	Black=1 OK: 	White=20 	Black=11 Best: 	White=6 	Black=4 Strong: 	White=2 	--- Precisão Stockfish 17: Brancas 96% Pretas 92% Precisão Chess.com: Brancas 94.4% Pretas 89.7%} 1-0

[Event "87th Tata Steel Masters 2025"]
[Site "Wijk aan Zee"]
[Date "2025.01.24"]
[Round "6.4"]
[White "Abdusattorov, Nodirbek"]
[Black "Gukesh, Dommaraju"]
[Result "1/2-1/2"]
[WhiteElo "2768"]
[BlackElo "2777"]
[Annotator "Chessbase - Stockfish 17"]
[PlyCount "131"]
[EventDate "2025.??.??"]
[EventCountry "NED"]

{[%evp 9,131,12,20,15,16,14,16,12,14,13,15,14,14,4,14,10,41,25,37,34,36,24,31,34,37,42,45,45,54,52,56,61,67,60,64,64,56,54,62,58,61,56,48,48,59,50,73,20,32,30,27,19,14,19,9,16,14,13,25,18,17,23,72,23,25,14,18,13,28,29,28,28,106,77,104,93,91,91,132,134,162,133,233,230,244,241,236,232,243,220,256,273,272,261,255,237,312,312,292,321,314,267,321,300,292,310,292,239,177,0,0,0,0,-8,-8,-8,0,0,0,-8,0,0,0,-8]} 1. e4 e5 2. Nf3 Nc6 3. Bc4 Bc5 4. a4 Nf6 5. d3 d6 (5... a6 6. a5 h6 7. c3 O-O 8. O-O Re8 9. Nbd2 Ba7 10. h3 d6 11. Qb3 Qe7 12. Re1 Rb8 13. Nf1 Be6 14. Be3 Bxc4 15. Qxc4 Qe6 16. Qa4 d5 17. Bxa7 Nxa7 18. Ng3 Nc6 19. b4 dxe4 20. Nxe4 {Van Foreest,J (2671)-Mamedyarov,S (2770) chess24.com INT 2020 1-0 (48)}) 6. a5 {C50: Hungarian Defence and Giuoco Pianissimo.} (6. c3 a6 7. Bg5 Ba7 8. Nbd2 h6 9. Bh4 g5 10. Bg3 Nh5 11. Nxe5 Nxe5 12. Bxe5 dxe5 13. Qxh5 Qf6 14. Qf3 Qxf3 15. Nxf3 f6 16. h3 Bd7 17. a5 O-O-O 18. Ke2 Rde8 19. Nd2 h5 20. Nf1 f5 {Navara,D (2678)-Kim,S (2295) chess.com INT 2024 1-0 (48)}) 6... Bb4+ $146 (6... a6 7. c3 Ba7 8. O-O O-O 9. h3 h6 10. Be3 d5 11. exd5 Nxd5 12. Bxa7 Rxa7 13. Re1 Nf4 14. d4 exd4 15. cxd4 Qf6 16. Bf1 Rd8 17. Nc3 Nxd4 18. Nxd4 Rxd4 19. Re8+ Kh7 20. Ne4 Nxh3+ 21. gxh3 {Kramer,J (2460)-Royal,S (2353) Dortmund 2022 1-0 (36)}) 7. Bd2 Bxd2+ 8. Nbxd2 O-O 9. O-O Ne7 $146 (9... Bd7 10. c3 b6 11. b4 Ne7 12. Re1 Ng6 13. d4 c5 14. Bf1 Qc7 15. Qb3 b5 16. dxc5 dxc5 {½-½ Nepomniachtchi,I (2771)-Giri,A (2752) Saint Louis Rapid 2023 (2)}) 10. c3 Ng6 11. Re1 h6 12. d4 Nh7 13. Re3 Ng5 14. Nxg5 Qxg5 15. g3 Bg4 {[#]} 16. h4 $1 Qh5 (16... Qxe3 $2 17. Qc2 $18 (17. Qxg4 $2 Qxd2 18. Rd1 Qxb2 $19) (17. Qc1 b5 $18)) 17. Qb3 Rab8 {[%cal Bg6f4]} 18. Nf1 Ne7 19. Nh2 Bd7 20. Be2 Qg6 21. dxe5 dxe5 22. Rd1 Be6 23. Qb5 Nc6 {[%cal Be7c6,Bc6d8,Bd8b7,Bb7d6][%mdl 32]} 24. a6 Bc8 {[%cal Be6c8,Bc8b7,Bb7c6][%mdl 32]} 25. h5 Qf6 26. Rf3 Qe6 27. Bc4 Qe7 28. Qa4 {White is much more active. The black rooks are passive.} (28. Rfd3 $16) 28... Nd8 29. axb7 Bxb7 30. Re3 {[%cal Bb2b4]} Bc6 31. Qa2 {[%cal Bh2f3]} (31. Qxa7 $2 Ra8 $19 (31... Rxb2 32. Nf3)) 31... Nb7 32. b4 (32. Qxa7 $2 Ra8 $19) 32... Nd6 33. Bd5 Bxd5 34. Rxd5 {[%cal Bh2f3] Nf3! is in the air} Qe6 35. Re2 {[%cal Bg1g2]} c6 (35... Rfc8) 36. Ra5 (36. Rc5 $16) 36... Qxa2 37. Raxa2 {[%cal Bh2f3]} Rfc8 38. Ng4 c5 39. bxc5 (39. Rxa7 Nb5 40. Ra5 Nxc3 $15) 39... Rxc5 40. Rxa7 Rxc3 (40... Rbc8) 41. Rd7 Ne8 42. Nxe5 Nf6 {[%csl Bd7,Bh5]} 43. Re7 (43. Rxf7 Re8 44. Rxf6 gxf6) 43... Rb4 44. g4 (44. Rxf7 $6 Rxe4 45. Rxe4 Nxe4) 44... Rc5 45. f3 (45. Nxf7 Kf8 46. Ra7 Rxe4 47. Rxe4 Nxe4 $16) 45... Kf8 $6 {Inaccuracy. Rb3 was best.} (45... Rb3 46. Kg2 Kf8 47. Rxf7+ Ke8 48. Rxg7 Rxe5 49. Rg6 Kf7 50. Rc2 Nxe4 51. Rc7+) 46. Rxf7+ $18 Ke8 47. Nd3 $1 (47. f4 Nxh5 (47... Rxe4 $2 48. Rxe4 Nxe4 49. Rxg7 $18) (47... Rxe5 48. Rxf6 Rexe4 49. Rxe4+ Rxe4 50. Rf5) 48. gxh5 Rxe5) 47... Rb1+ 48. Kg2 Rc3 49. Ne5 Rb5 $6 {Inaccuracy. Rc5 was best. [#]} (49... Rc5 50. Nd3 Rc3 51. Rxg7 Rxd3 52. Ra2 Kf8 53. Rg6 Nxe4 54. fxe4 Rbb3 55. e5) 50. Rxg7 $1 Rxe5 51. Ra2 Kf8 52. Rg6 {[%csl Bf6,Bh6]} Nxe4 {[#]} 53. Re2 $1 (53. fxe4 Rxe4 54. Kh2 (54. Rxh6 Rxg4+ 55. Kf2 Kg7) 54... Kf7 $14) 53... Rg5 {[#]} 54. Rxh6 (54. Rxe4 Rxg6 55. hxg6 Rc6 $14) 54... Nc5 55. Rc6 Na4 56. Ra6 Nc5 57. Ra8+ Kf7 58. Ra7+ Kf6 59. Re8 $6 {Inaccuracy. Rc7 was best.} (59. h6 $18 {Intending h7 and mate.} Rg8 60. Rc7) (59. Rc7 Na4) 59... Ne6 {The position is equal.} 60. h6 Re5 $1 {Threatens to win with ...Nf4+.} 61. Ra6 Rc2+ 62. Kf1 $132 {[%mdl 2048] White is not holding back} Rc1+ 63. Kf2 $1 Rc2+ 64. Kf1 (64. Kg3 Ree2 65. Raxe6+ Rxe6 66. g5+ Kf7 $15) 64... Rc1+ 65. Kf2 $1 {Black must now prevent h7.} Rc2+ 66. Kf1 {Black defended with fortune. Weighted Error Value: White=0.10 (very precise) /Black=0.11 (very precise) Missed win: 	White=1 	--- Mistake: 	White=2 	Black=3 Inaccurate: 	--- 	Black=4 OK: 	White=30 	Black=20 Best: 	White=4 	Black=6 Strong: 	White=4 	Black=1 Precisão Stockfish 17: Brancas 96% Pretas 96% Precisão Chess.com: Brancas 95.2% Pretas 95.1%} 1/2-1/2

[Event "87th Tata Steel Masters 2025"]
[Site "Wijk aan Zee"]
[Date "2025.01.24"]
[Round "6.5"]
[White "Praggnanandhaa, Rameshbabu"]
[Black "Wei, Yi"]
[Result "1/2-1/2"]
[WhiteElo "2741"]
[BlackElo "2751"]
[Annotator "Chessbase - Stockfish 17"]
[PlyCount "115"]
[EventDate "2025.??.??"]
[EventCountry "NED"]

{[%evp 19,115,10,18,20,16,0,0,13,33,26,54,55,47,40,42,29,48,43,45,43,49,42,67,68,50,22,16,23,20,20,15,16,41,23,22,25,12,0,13,13,13,13,14,13,13,13,21,8,7,9,7,10,14,13,14,14,18,24,19,16,25,0,0,0,18,0,0,0,20,0,4,0,6,0,12,0,0,0,0,0,0,0,0,0,0,0,0,0,0,0,0,0,0,0,0,0,0,0]} 1. e4 e5 2. Nf3 Nc6 3. Bb5 a6 4. Ba4 Nf6 5. O-O Nxe4 6. d4 b5 7. Bb3 d5 8. dxe5 Be6 9. c3 Be7 10. Re1 O-O 11. h3 {C83: Open Ruy Lopez: 9 c3 Be7.} Qd7 12. Be3 $146 (12. Bc2 Rad8 13. Nbd2 Nxd2 (13... f5 14. exf6 Nxd2 15. Bxh7+ Kxh7 16. Ng5+ Kg8 17. Qh5 Rxf6 18. Rxe6 Rxe6 19. Qh7+ {1-0 (19) Ter Sahakyan,S (2618)-De Winter,A (2411) Vlissingen NED 2024}) 14. Qxd2 Bf5 15. Bxf5 Qxf5 16. Qf4 Qxf4 17. Bxf4 d4 18. Rac1 dxc3 19. Rxc3 Nb4 20. Rxc7 Rfe8 21. Bg5 Bxg5 22. Nxg5 f6 23. Nf7 Rd2 24. e6 h5 25. Re4 Nxa2 26. Rc6 Rd5 {Carlsen,M (2830)-Caruana,F (2794) Toronto CAN 2023 1-0 (36)}) (12. Nbd2 Nc5 13. Bc2 d4 14. cxd4 Nxd4 15. Nxd4 Qxd4 16. Qh5 (16. Qe2 Rfd8 17. Qh5 g6 18. Qh6 Qh4 19. Qe3 Qd4 20. Qh6 {½-½ (20) Cork,D (1960)-Smith,R (1995) Sunningdale 2007}) (16. Nf3 Qxd1 17. Rxd1 Rad8 18. Be3 Bd5 19. Nd4 Rfe8 20. b3 Ne6 21. Nxe6 fxe6 22. Bd3 Ba3 23. f4 c5 24. Rab1 Rd7 25. Bc1 Bb4 26. a3 Bc3 {Pace,C (2087)-Amin,B (2634) Chess.com INT 2014 0-1 (48)}) 16... Nd3 17. Bxd3 Qxd3 18. Ne4 Rad8 19. Bf4 c5 20. Re3 Qd4 21. Rae1 Bd5 22. Bg5 Bxg5 23. Nxg5 h6 24. Rg3 hxg5 25. Qxg5 g6 26. Rg4 Be6 {Bologan,V (2682)-Fressinet,L (2624) Bastia 2005 1-0 (61)}) 12... Na5 $146 (12... Rad8 13. Nbd2 Nc5 14. Bc2 Bf5 15. Nb3 Bxc2 16. Qxc2 Ne6 17. a4 Qc8 18. axb5 axb5 {1-0 Kamsky,G (2663)-Csonka,B (2494) Titled Tuesday intern op 28th Mar Early blitz 2023 (6)}) 13. Nbd2 Nxb3 14. axb3 c5 15. Nxe4 dxe4 16. Qxd7 Bxd7 17. Nd2 Bc6 18. Bf4 $1 f5 19. exf6 Rxf6 {[%cal Bf8f6,Bf6e6,Be6e7][%mdl 32]} 20. Bg5 Re6 21. Bxe7 Rxe7 22. b4 cxb4 23. cxb4 Bd5 24. Nf1 Kf7 25. Ne3 Be6 26. Red1 Rd7 27. Rxd7+ Bxd7 {[%mdl 4096] Endgame KRB-KRN} 28. Rd1 Ke6 29. Kh2 Rf8 30. Kg3 Bc6 31. Rc1 Kd6 32. Rc5 Bd7 {Inhibits Nf5+.} 33. Rg5 Rf7 34. Rd5+ Ke6 35. Rd1 Ke5 36. Rc1 Rf6 37. Rc5+ Kd6 38. Rd5+ Ke6 39. Rd4 Bc6 40. Rd8 Rg6+ {The position is equal.} 41. Kh2 Rf6 42. Kg1 Rf7 43. Rc8 Bb7 44. Rb8 Kd6 45. h4 g6 46. Rg8 Ke7 47. g4 Bc6 48. Kg2 Kd6 49. Rc8 Kd7 50. Rh8 Kc7 51. Kg1 Kd7 52. Kf1 Kc7 53. Rg8 Kd7 54. Ke2 Kc7 55. h5 gxh5 56. gxh5 Kd6 57. h6 Ke5 58. Rg5+ {Weighted Error Value: White=0.04 (flawless) /Black=0.04 (flawless) Inaccurate: 	White=1 	Black=1 OK: 	White=14 	Black=22 Best: 	White=2 	--- Strong: 	White=1 	--- Precisão Stockfish 17: Brancas 99% Pretas 99% Precisão Chess.com: Brancas 99.0% Pretas 99.1%} 1/2-1/2